000 00491nam a22001697a 4500
999 _c62261
_d62261
005 20240906163731.0
008 240906c2009 enk||||| |||| 00| 0 eng d
022 _a0017 8322
041 _aeng
245 _aHastings Law Journal :
_b2009 /
_c Editor A. Z. Lipson.
260 _aCalifornia,
_c2009.
300 _aV.
653 _aსამართალი
653 _aპერიოდიკა
700 _a Lipson, A. Z.
_eრედაქტორი
_923176
942 _2udc
_cCR